000 006920000a22001930004500
999 _c59938
_d59938
001 768714001
003 CO-MdFUSB
005 20170719094211.0
008 170719s1991 ag ||||| |||| 00| 0 spa d
022 _a0122-2996
040 _aCO-MdFUSB
_bspa
_cCO-MdFUSB
_dCO-MdFUSB
041 _aspa
100 1 _aAnónimo
245 1 0 _aCuarta consulta de la comunidad internacional de misionólogos evangélicos :
_b libertad y justicia en las relaciones Iglesia Estado
300 _aVolumen 23. Número 44 (1991), Páginas 285-295
_c22 cm.
546 _aTexto en español
773 0 _tBoletín Teológico
_049507
_961462
_gVolumen 23. Número 44 (1991), Páginas 285-295
_qPágina 285
942 _cANA